000 00497nam a2200181Ia 4500
001 20366
005 20260306172801.0
008 260306t2011||||xx |||||||||||||| ||spa||
041 _aESP
082 _a343.2
_bS69
100 _aSosa Sacio, Juan Manuel
_eAUT
245 0 _aGuía teórico práctica para utilizar los criterios interpretativos del tribunal constitucional
260 _c2011
300 _a215 páginas :
_c24 cm.
650 _aGEN
654 _aCDE
942 _cLIB
_dJUS
_fJUS
_2ddc
_n
999 _c20366
_d20366